Statistics for Coldest US Capitals By All Time Low Temperature

Click here to take the quiz!

General Stats

  • This quiz has been taken 25 times
  • The average score is 14 of 16

Answer Stats

HintAnswerDate% Correct
-41AugustaJan 24 1907
94%
-45BismarckFeb 16 1936
Jan 13 1916
94%
-28AlbanyJan 18 1971
88%
-28BoiseJan 16 1888
88%
-38CheyenneJan 9 1875
88%
-37ConcordFeb 16 1943
88%
-42HelenaJan 25 1957
Jan 31 1893
Feb 2 1996
88%
-37MadisonJan 30 1951
88%
-35PierreFeb 9 1994
88%
-30Salt LakeFeb 9 1933
88%
-29DenverJan 9 1875
82%
-37LansingFeb 2 1868
82%
-33LincolnJan 12 1974
82%
-34MontpelierJan 4 1981
82%
-41St. PaulJan 21 1888
82%
-30Des MoinesJan 5 1884
76%

Score Distribution

Percentile by Number Answered

Percent of People with Each Score

Your Score History

You have not taken this quiz